Ústav prírodných vied v areáli SAV v Bratislave

Salvato in:
Dettagli Bibliografici
Autore principale: Masláková, Gabriela, 1990- (Autore)
Altri autori: Kusý, Martin, 1948- (Relatore della tesi)
Natura: Manoscritto Libro
Lingua:slovacco
Pubblicazione: Bratislava 2015
Soggetti:
Accesso online:http://is.stuba.sk/zp/portal_zp.pl?podrobnosti=107606
Tags: Aggiungi Tag
Nessun Tag, puoi essere il primo ad aggiungerne!!

MARC

LEADER 00000ntm a22000003a 4500
001 stuzp53413
003 SK-STU
005 20210308111049.5
007 ta
008 150427s2015----xo-----f-mn---000-0-slo-d
040 |a STU  |b slo 
041 0 |a slo 
100 1 |a Masláková, Gabriela,  |d 1990-  |u 050900  |4 aut  |U FAD Fakulta architektúry a dizajnu  |U FAD Fakulta architektúry  |T FA Dekanát  |X 68018  |U A0900  |Y 158  |7 A000068018 
242 0 1 |a Ústav prírodných vied v areáli SAV v Bratislave  |y eng 
245 1 0 |a Ústav prírodných vied v areáli SAV v Bratislave 
260 |c 2015  |a Bratislava 
650 4 |a príroda  |2 slo 
650 4 |a veda  |2 slo 
650 4 |a medzipriestor  |2 slo 
650 4 |a science  |2 eng 
650 4 |a nature  |2 eng 
650 4 |a void  |2 eng 
700 1 |a Kusý, Martin,  |d 1948-  |4 ths  |X 3763  |7 A000003763 
856 4 |u http://is.stuba.sk/zp/portal_zp.pl?podrobnosti=107606  |u https://opac.crzp.sk/?fn=detailBiblioForm&sid=E75B5E22D326BA6A98A595CFFF20 
SQL |a stuzp53413  |b DDP  |c SLO  |d Ústav prírodných vied v areáli SAV v Bratislave  |e 68018  |f Masláková, Gabriela  |g 050900  |h 3763  |i Kusý, Martin  |j 20150604  |k 153  |l 05  |m http://is.stuba.sk/zp/portal_zp.pl?podrobnosti=107606  |n I-ARCH  |o 5.1.1. architektúra a urbanizmus